[Event "Liga Vasca 2009 - DH"]
[Site "Pais Vasco ESP"]
[Date "2009.01.31"]
[Round "3.32"]
[White "Riff, Jean Noel"]
[Black "Alvarez Ponga, Hugo"]
[Result "1-0"]
[WhiteElo "2512"]
[BlackElo "2103"]
[PlyCount "67"]
[EventDate "2009.01.10"]
[EventType "team"]
[EventRounds "9"]
[EventCountry "ESP"]
[Source "lmi"]
[SourceDate "2009.01.10"]
[WhiteTeam "España"]
[BlackTeam "España"]
[WhiteTeamCountry "ESP"]
[BlackTeamCountry "ESP"]

1. e4 e6 2. d3 b6 3. Nf3 Bb7 4. g3 d5 5. Nbd2 Nf6 6. Qe2 c5 7. Bg2 Be7 8. O-O
Nc6 9. e5 Nd7 10. c4 Nf8 11. h4 a6 12. a3 Qc7 13. Re1 Rd8 14. b3 Na5 15. Rb1
Nc6 16. Bb2 d4 17. Bc1 h6 18. Nf1 Kd7 19. b4 cxb4 20. axb4 Bxb4 21. Bd2 Bc5 22.
g4 Kc8 23. Ng3 Nd7 24. Ne4 Be7 25. Bf4 Rde8 26. Bg3 Qd8 27. Rec1 Nc5 28. Nfd2
f6 29. Nxc5 Bxc5 30. Ne4 Be7 31. c5 bxc5 32. Nxc5 Bxc5 33. Rxc5 Qe7 34. Qb2 1-0

[Event "Liga Vasca 2009 - DH"]
[Site "Pais Vasco ESP"]
[Date "2009.01.31"]
[Round "3.33"]
[White "Alvarado Fernandez, Mikel"]
[Black "Gomez Esteban, Juan Mario"]
[Result "1/2-1/2"]
[WhiteElo "2011"]
[BlackElo "2498"]
[PlyCount "85"]
[EventDate "2009.01.10"]
[EventType "team"]
[EventRounds "9"]
[EventCountry "ESP"]
[Source "lmi"]
[SourceDate "2009.01.10"]
[WhiteTeam "España"]
[BlackTeam "España"]
[WhiteTeamCountry "ESP"]
[BlackTeamCountry "ESP"]

1. d4 Nf6 2. Bg5 d5 3. Bxf6 exf6 4. e3 Bd6 5. c4 dxc4 6. Bxc4 O-O 7. Nf3 Nd7 8.
Nc3 f5 9. O-O c6 10. Re1 Nf6 11. g3 Qe7 12. Qc2 g6 13. Bf1 Bd7 14. Bg2 Rfe8 15.
Rad1 Rad8 16. Re2 Kg7 17. Rde1 Qf8 18. Nd2 Bb8 19. a3 Be6 20. Nf3 Bc8 21. b4 a5
22. Qb2 Bd6 23. Rb1 Kg8 24. Nd2 axb4 25. axb4 Be6 26. Ree1 Ra8 27. e4 fxe4 28.
Ndxe4 Be7 29. b5 Nxe4 30. Nxe4 Bd5 31. Nc3 Bxg2 32. Kxg2 Bf6 33. Ne4 Bg7 34.
bxc6 bxc6 35. Qc3 Re6 36. Ng5 Rxe1 37. Rxe1 Qd6 38. Qc4 Qd5+ 39. Qxd5 cxd5 40.
Nf3 Kf8 41. Rb1 Bf6 42. Rb5 Rd8 43. Rb7 1/2-1/2

[Event "Liga Vasca 2009 - DH"]
[Site "Pais Vasco ESP"]
[Date "2009.01.31"]
[Round "3.34"]
[White "Delorme, Axel"]
[Black "Gonzalez Blanco, Aitor"]
[Result "1-0"]
[WhiteElo "2415"]
[BlackElo "2020"]
[PlyCount "50"]
[EventDate "2009.01.10"]
[EventType "team"]
[EventRounds "9"]
[EventCountry "ESP"]
[Source "lmi"]
[SourceDate "2009.01.10"]
[WhiteTeam "España"]
[BlackTeam "España"]
[WhiteTeamCountry "ESP"]
[BlackTeamCountry "ESP"]

1. e4 d5 2. exd5 Qxd5 3. Nc3 Qa5 4. d4 c6 5. Nf3 Nf6 6. Bc4 Bg4 7. h3 Bh5 8. g4
Bg6 9. Ne5 Nbd7 10. Nxg6 hxg6 11. Qe2 e6 12. Bd2 Bb4 13. O-O-O Qc7 14. a3 Bd6
15. g5 Nh5 16. d5 Nf4 17. Bxf4 Bxf4+ 18. Kb1 e5 19. Ne4 c5 20. d6 Qb6 21. h4
Rf8 22. Rh3 a6 23. Nc3 O-O-O 24. Nd5 Qa5 25. Rb3 b5 1-0

[Event "Liga Vasca 2009 - DH"]
[Site "Pais Vasco ESP"]
[Date "2009.01.31"]
[Round "3.42"]
[White "Argandoña Riveiro, Iñigo"]
[Black "Galarza Bilbao, Xabier"]
[Result "1-0"]
[WhiteElo "2391"]
[BlackElo "2142"]
[PlyCount "127"]
[EventDate "2009.01.10"]
[EventType "team"]
[EventRounds "9"]
[EventCountry "ESP"]
[Source "lmi"]
[SourceDate "2009.01.10"]
[WhiteTeam "Gros A"]
[BlackTeam "Rey Ardid"]

1. Nf3 d5 2. d4 Nf6 3. c4 e6 4. g3 dxc4 5. Bg2 a6 6. O-O Be7 7. Ne5 O-O 8. Nc3
c5 9. dxc5 Bxc5 10. Nxc4 Ra7 11. Na4 Bd4 12. Bf4 e5 13. Nxe5 b5 14. Nc3 Be6 15.
Nf3 Nc6 16. Nxd4 Nxd4 17. e3 Nf5 18. e4 Ne7 19. Bg5 Rd7 20. Qc1 b4 21. Bxf6
gxf6 22. Nd1 Qa5 23. Qf4 Kg7 24. Ne3 Ng6 25. Nf5+ Bxf5 26. Qxf5 Qxf5 27. exf5
Ne5 28. b3 Rd2 29. a3 a5 30. axb4 axb4 31. Ra4 Rb8 32. Ra7 Rc8 33. Rb7 Rd4 34.
h3 Rc3 35. Rb1 Rc2 36. g4 Rf4 37. Rf1 Rc3 38. Bd5 Rd3 39. Bc4 Rxh3 40. f3 Rg3+
41. Kh2 Rfxf3 42. Rxf3 Rxf3 43. Rxb4 Rf4 44. Ra4 Rxg4 45. Be2 Rxa4 46. bxa4 Kh6
47. Bb5 Nf3+ 48. Kg3 Nd4 49. Kf4 Kh5 50. Bc4 Nc6 51. Bxf7+ Kh4 52. Bd5 Na5 53.
Bg2 h5 54. Bf3 Nb3 55. Bd1 Na5 56. Be2 Nb3 57. Bf1 Na5 58. Bg2 Nb3 59. Bf3 Na5
60. Bd5 Kh3 61. Ke3 Kg3 62. Kd4 Kf4 63. Bh1 Kxf5 64. Kc3 1-0

[Event "Liga Vasca 2009 - DH"]
[Site "Pais Vasco ESP"]
[Date "2009.01.31"]
[Round "3.43"]
[White "Basto Auzmendi, Mario"]
[Black "Gonzalez De La Torre, Santiago"]
[Result "0-1"]
[WhiteElo "2086"]
[BlackElo "2379"]
[PlyCount "36"]
[EventDate "2009.01.10"]
[EventType "team"]
[EventRounds "9"]
[EventCountry "ESP"]
[Source "lmi"]
[SourceDate "2009.01.10"]
[WhiteTeam "Rey Ardid"]
[BlackTeam "Gos A"]

1. Nf3 c5 2. g3 b6 3. Bg2 Bb7 4. c4 Nf6 5. Nc3 e6 6. O-O Be7 7. b3 O-O 8. Bb2
d6 9. e3 Nc6 10. d4 cxd4 11. exd4 d5 12. Ne5 Na5 13. Rc1 dxc4 14. Bxb7 Nxb7 15.
bxc4 Rc8 16. Qa4 Na5 17. Rfd1 Qc7 18. c5 bxc5 0-1

[Event "Liga Vasca 2009 - DH"]
[Site "Pais Vasco ESP"]
[Date "2009.01.31"]
[Round "3.44"]
[White "Muñoz Perez, Ivan"]
[Black "Hernandez Perez, Jesus"]
[Result "1-0"]
[WhiteElo "2274"]
[BlackElo "2061"]
[PlyCount "85"]
[EventDate "2009.01.10"]
[EventType "team"]
[EventRounds "9"]
[EventCountry "ESP"]
[Source "lmi"]
[SourceDate "2009.01.10"]
[WhiteTeam "Gros A"]
[BlackTeam "Rey Ardid"]

1. e4 c5 2. Nc3 Nc6 3. g3 e6 4. Bg2 g6 5. d3 Bg7 6. Be3 d6 7. Qd2 Nd4 8. Nf3
Rb8 9. Bxd4 cxd4 10. Nb5 Qb6 11. Qb4 Kd7 12. e5 dxe5 13. Nd2 a5 14. Qa4 Ne7 15.
Nc4 Qa6 16. Qa3 Nd5 17. Qc5 Qc6 18. Qa7 Qxb5 19. Qxb8 Qc5 20. O-O f6 21. Qa8 b6
22. Bxd5 exd5 23. Qa7+ Qc7 24. Nxb6+ Kc6 25. Qxc7+ Kxc7 26. Nxd5+ Kd6 27. Nb6
Be6 28. b3 Kc5 29. Na4+ Kb4 30. a3+ Kb5 31. Nb2 f5 32. Rfe1 Bd5 33. Nc4 e4 34.
Rad1 Rd8 35. Rb1 Rd7 36. a4+ Ka6 37. Re2 Re7 38. Rbe1 Re6 39. h4 Bf8 40. Nd2
Bb4 41. dxe4 fxe4 42. Nxe4 Kb6 43. Ng5 1-0

[Event "Liga Vasca 2009 - DH"]
[Site "Pais Vasco ESP"]
[Date "2009.02.07"]
[Round "4.11"]
[White "Lozoya Rodriguez, Alberto"]
[Black "Alberdi Sololuce, Paulo"]
[Result "1-0"]
[WhiteElo "2205"]
[BlackElo "2161"]
[PlyCount "79"]
[EventDate "2009.01.10"]
[EventType "team"]
[EventRounds "9"]
[EventCountry "ESP"]
[Source "lmi"]
[SourceDate "2009.01.10"]

1. Nf3 Nf6 2. g3 e6 3. Bg2 d5 4. c4 c6 5. b3 Nbd7 6. Bb2 Be7 7. O-O O-O 8. Qc2
b6 9. d3 Bb7 10. e4 a5 11. e5 Ne8 12. Nc3 Nc7 13. Rad1 b5 14. Rfe1 Qb8 15. h4
a4 16. Ne2 axb3 17. axb3 Na6 18. Nf4 Nb4 19. Qb1 Ba6 20. Bh3 Nb6 21. c5 Bxc5
22. d4 Be7 23. Ng5 Bxg5 24. hxg5 Bc8 25. Nh5 Nd7 26. Kg2 Rd8 27. Rh1 Nf8 28.
Nf6+ gxf6 29. gxf6 Ng6 30. Qc1 Kf8 31. Qc5+ Ke8 32. Qxb4 Ra2 33. Bc3 Qb6 34.
Bg4 Bb7 35. Bf3 Rc8 36. Rxh7 c5 37. dxc5 Qxc5 38. Qxc5 Rxc5 39. Bd4 Rcc2 40.
Bh5 1-0

[Event "Liga Vasca 2009 - DH"]
[Site "Pais Vasco ESP"]
[Date "2009.02.07"]
[Round "4.12"]
[White "Fernandez Hernandez, Gerardo"]
[Black "Hernandez Izaguirre, Eder"]
[Result "0-1"]
[WhiteElo "2154"]
[BlackElo "2112"]
[PlyCount "124"]
[EventDate "2009.01.10"]
[EventType "team"]
[EventRounds "9"]
[EventCountry "ESP"]
[Source "lmi"]
[SourceDate "2009.01.10"]

1. e4 e6 2. d3 d5 3. Qe2 Bc5 4. Nf3 Ne7 5. g3 Nbc6 6. c3 dxe4 7. dxe4 e5 8. b4
Bd6 9. Bg2 Bg4 10. Nbd2 Ng6 11. h3 Be6 12. O-O f6 13. Rd1 Qc8 14. Nc4 Be7 15.
Kh2 O-O 16. Ne3 Bd6 17. Bb2 a5 18. a3 Rd8 19. Nd5 Nce7 20. Nd2 Nc6 21. Nc4 Bf8
22. Nce3 Nce7 23. c4 axb4 24. axb4 Rxa1 25. Bxa1 c6 26. Nb6 Qc7 27. c5 Nc8 28.
Nbc4 Rxd1 29. Qxd1 b6 30. Bc3 bxc5 31. bxc5 Bxc5 32. Ba5 Qe7 33. Bf1 Bd4 34.
Qb3 Nf8 35. Nf5 Qf7 36. Nxd4 exd4 37. Qa4 c5 38. f4 Qb7 39. f5 Bf7 40. Bg2 Qd7
41. Qc2 Nd6 42. Bf1 Qc6 43. Nd2 Nd7 44. Qb2 Qa4 45. Bc7 Ne8 46. Bb5 Qa7 47. Bf4
Ne5 48. Bxe5 fxe5 49. Nc4 Qc7 50. g4 Nd6 51. Nd2 Qb8 52. Qa3 Qxb5 53. Qa8+ Ne8
54. Nf3 c4 55. Ng5 Qb2+ 56. Kg3 Qc3+ 57. Nf3 Qe3 58. Qc6 h6 59. h4 Qf4+ 60. Kf2
Nf6 61. g5 Nxe4+ 62. Ke2 Qe3+ 0-1

[Event "Liga Vasca 2009 - DH"]
[Site "Pais Vasco ESP"]
[Date "2009.02.07"]
[Round "4.13"]
[White "Urbieta Gabancho, Koldo"]
[Black "Salinero de Prado, Juan Manuel"]
[Result "0-1"]
[WhiteElo "2009"]
[BlackElo "2175"]
[PlyCount "140"]
[EventDate "2009.01.10"]
[EventType "team"]
[EventRounds "9"]
[EventCountry "ESP"]
[Source "lmi"]
[SourceDate "2009.01.10"]

1. Nf3 g6 2. c4 Bg7 3. g3 e5 4. Nc3 Ne7 5. Bg2 O-O 6. O-O c5 7. d3 Nbc6 8. Rb1
Rb8 9. a3 d5 10. cxd5 Nxd5 11. Ng5 Nde7 12. Be3 Nf5 13. Bd2 Ncd4 14. b4 cxb4
15. axb4 Bd7 16. Nge4 Nb5 17. Nc5 Nfd6 18. Qb3 b6 19. Nxd7 Qxd7 20. e3 Rfd8 21.
Rfd1 Rbc8 22. Nd5 Qe6 23. h4 e4 24. d4 Nb7 25. Nf4 Qxb3 26. Rxb3 N7d6 27. g4
Rc2 28. Kf1 Bf8 29. Ke1 Be7 30. g5 h6 31. Nd5 Re8 32. Nxe7+ Rxe7 33. Bf1 Kg7
34. Rc1 Rxc1+ 35. Bxc1 hxg5 36. hxg5 Rc7 37. Bb2 Kf8 38. d5 Ke7 39. Bf6+ Kd7
40. Bh3+ Nf5 41. Be5 Rc8 42. Kd2 Rh8 43. Bg2 Rh4 44. Bf4 Nfd6 45. Bf1 Rh8 46.
Rb1 Rc8 47. Bh3+ Nf5 48. Rc1 Rxc1 49. Kxc1 Nc3 50. Bg2 Nxd5 51. Bxe4 Nxb4 52.
Be5 Nd6 53. Bb1 a5 54. Bc3 Nd5 55. Bd4 b5 56. Ba2 Nb4 57. Bb1 Nc6 58. Bc5 Nb7
59. Bb6 Nd6 60. Bc5 Ne5 61. f4 Nec4 62. e4 Kc6 63. Bd4 b4 64. f5 Na3 65. Bd3
Nab5 66. Be5 a4 67. Bxd6 Nxd6 68. e5 Nxf5 69. Bxf5 gxf5 70. e6 Kd6 0-1

[Event "Liga Vasca 2009 - DH"]
[Site "Pais Vasco ESP"]
[Date "2009.02.07"]
[Round "4.14"]
[White "Martinez Pelaez, David"]
[Black "Carasa del Portillo, Mikel"]
[Result "1/2-1/2"]
[WhiteElo "1971"]
[BlackElo "2028"]
[PlyCount "62"]
[EventDate "2009.01.10"]
[EventType "team"]
[EventRounds "9"]
[EventCountry "ESP"]
[Source "lmi"]
[SourceDate "2009.01.10"]

1. e4 c5 2. Nf3 g6 3. d4 cxd4 4. Nxd4 Nc6 5. Nc3 Bg7 6. Nb3 Nf6 7. Be2 O-O 8.
Be3 a5 9. a4 Nb4 10. f4 d5 11. e5 Ne4 12. Nxe4 dxe4 13. Qxd8 Rxd8 14. Rc1 Nd5
15. Kf2 Bd7 16. Nc5 Bc6 17. Bb5 Nxe3 18. Kxe3 Bxb5 19. axb5 Rd5 20. Nxe4 Rxb5
21. b3 f6 22. exf6 exf6 23. Rhe1 Rd8 24. Rcd1 Rbd5 25. Rxd5 Rxd5 26. c4 Rd7 27.
Nc3 Re7+ 28. Kd2 Rxe1 29. Kxe1 f5 30. Kd2 Kf7 31. Nd5 Ke6 1/2-1/2

[Event "Liga Vasca 2009 - DH"]
[Site "Pais Vasco ESP"]
[Date "2009.02.07"]
[Round "4.31"]
[White "Romain, Edouard"]
[Black "Arnaez Gil, Juan Ignacio"]
[Result "1-0"]
[WhiteElo "2562"]
[BlackElo "2231"]
[PlyCount "81"]
[EventDate "2009.01.10"]
[EventType "team"]
[EventRounds "9"]
[EventCountry "ESP"]
[Source "lmi"]
[SourceDate "2009.01.10"]

1. e4 c5 2. Nf3 d6 3. Bb5+ Bd7 4. Bxd7+ Qxd7 5. O-O Nc6 6. c3 Nf6 7. Re1 g6 8.
d4 cxd4 9. cxd4 Bg7 10. Nc3 O-O 11. Bg5 h6 12. Bh4 g5 13. Bg3 Nh5 14. d5 Nd8
15. Ne5 dxe5 16. Qxh5 b5 17. h4 f6 18. Nd1 Nb7 19. Ne3 Nd6 20. Ng4 Nf7 21. Rad1
Rac8 22. d6 exd6 23. Ne3 Kh7 24. Rd2 Rc6 25. Red1 Qe6 26. Rd5 a6 27. Qe2 Rfc8
28. Qd3 Rc1 29. a4 Rxd1+ 30. Qxd1 bxa4 31. Qxa4 Rc1+ 32. Rd1 Qc8 33. Kh2 Rxd1
34. Qxd1 Qc6 35. Qg4 gxh4 36. Bxh4 Ng5 37. Qf5+ Kh8 38. Bxg5 fxg5 39. Qe6 Qc7
40. Qe8+ Kh7 41. Nd5 1-0

[Event "Liga Vasca 2009 - DH"]
[Site "Pais Vasco ESP"]
[Date "2009.02.07"]
[Round "4.32"]
[White "Galarza Bilbao, Xabier"]
[Black "Conquest, Stuart C"]
[Result "0-1"]
[WhiteElo "2142"]
[BlackElo "2555"]
[PlyCount "78"]
[EventDate "2009.01.10"]
[EventType "team"]
[EventRounds "9"]
[EventCountry "ESP"]
[Source "lmi"]
[SourceDate "2009.01.10"]

1. d4 Nf6 2. c4 e6 3. Nc3 Bb4 4. Qb3 c5 5. dxc5 Nc6 6. Nf3 Ne4 7. Bd2 Nxd2 8.
Nxd2 O-O 9. g3 Bxc5 10. Bg2 b6 11. Nde4 Be7 12. Rd1 Bb7 13. O-O Na5 14. Qb5 Bc6
15. Qa6 Qc7 16. Nb5 Qe5 17. Nbc3 Rfe8 18. f4 Qf5 19. Nf2 Bxg2 20. Kxg2 Nxc4 21.
Rxd7 Ne3+ 22. Kg1 Nxf1 23. Rxe7 Ne3 24. Rxa7 Qa5 25. Rxa8 Rxa8 26. Qb7 h6 27.
Nd3 Rf8 28. b4 Qa8 29. Qxa8 Rxa8 30. Kf2 Ng4+ 31. Kf3 Nxh2+ 32. Ke4 f5+ 33. Ke5
Nf1 34. Kxe6 Nxg3 35. Nd5 Rxa2 36. Ne7+ Kh8 37. e4 fxe4 38. Ne5 e3 39. Nd7 Ra8
0-1

[Event "Liga Vasca 2009 - DH"]
[Site "Pais Vasco ESP"]
[Date "2009.02.07"]
[Round "4.33"]
[White "Gomez Esteban, Juan Mario"]
[Black "Basto Auzmendi, Mario"]
[Result "1-0"]
[WhiteElo "2498"]
[BlackElo "2086"]
[PlyCount "127"]
[EventDate "2009.01.10"]
[EventType "team"]
[EventRounds "9"]
[EventCountry "ESP"]
[Source "lmi"]
[SourceDate "2009.01.10"]
[WhiteTeam "España"]
[WhiteTeamCountry "ESP"]

1. d4 Nf6 2. c4 e5 3. dxe5 Ne4 4. Nd2 Bb4 5. Ngf3 d6 6. exd6 Qxd6 7. a3 Bxd2+
8. Nxd2 Nc5 9. Qc2 Nc6 10. e3 Ne5 11. Nf3 Ned3+ 12. Bxd3 Nxd3+ 13. Ke2 Bf5 14.
Qa4+ c6 15. Nd4 Nc5 16. Qb4 Bd3+ 17. Kd1 a5 18. Qc3 Ne4 19. Qe1 Bxc4 20. f3 Nc5
21. Qg3 Qd7 22. Qe5+ Ne6 23. Ke1 O-O-O 24. Nxe6 Qd1+ 25. Kf2 Qe2+ 26. Kg3 Bxe6
27. e4 Rd5 28. Qc3 Rd3 29. Qe5 Rd5 30. Qc3 Rd3 31. Re1 Rxc3 32. Rxe2 Rb3 33.
Bf4 Rd8 34. Rc1 f6 35. h4 h6 36. h5 Rb5 37. Kh4 Rd3 38. Rf2 Bf7 39. g4 Rbb3 40.
Kg3 Kd7 41. Rcc2 b5 42. Rfd2 Bc4 43. Kf2 Ke6 44. Rxd3 Rxd3 45. Be3 Ke5 46. a4
Rb3 47. Bc5 Bd3 48. Rd2 bxa4 49. Bf8 Ke6 50. Bxg7 a3 51. bxa3 c5 52. Bxh6 c4
53. Ra2 c3 54. Ra1 c2 55. Rh1 Rxa3 56. Bd2 Rb3 57. h6 Rb1 58. Bc1 Rb8 59. h7
Rh8 60. g5 Kf7 61. Bb2 Kg6 62. gxf6 Bc4 63. f7 c1=Q 64. Rxc1 1-0

[Event "Liga Vasca 2009 - DH"]
[Site "Pais Vasco ESP"]
[Date "2009.02.07"]
[Round "4.34"]
[White "Hernandez Perez, Jesus"]
[Black "Franco Alonso, Alejandro"]
[Result "0-1"]
[WhiteElo "2061"]
[BlackElo "2459"]
[PlyCount "81"]
[EventDate "2009.01.10"]
[EventType "team"]
[EventRounds "9"]
[EventCountry "ESP"]
[Source "lmi"]
[SourceDate "2009.01.10"]
[BlackTeam "España"]
[WhiteTeamCountry "ESP"]
[BlackTeamCountry "ESP"]

1. d4 Nf6 2. Bg5 e6 3. e4 h6 4. Bxf6 Qxf6 5. c3 d6 6. Bd3 g6 7. Ne2 Bg7 8. O-O
Nd7 9. f4 O-O 10. Nd2 Qe7 11. Nf3 b6 12. Qd2 Bb7 13. Ng3 f5 14. Rae1 Qf7 15. e5
Rad8 16. Qe2 Bd5 17. Bc4 Bxf3 18. Qxf3 d5 19. Bb5 Nb8 20. Ne2 c5 21. Rc1 a6 22.
Bd3 c4 23. Bc2 b5 24. b4 a5 25. a3 Nc6 26. Ra1 Ra8 27. Rfb1 Rfb8 28. Qf1 Ra6
29. Qc1 Qa7 30. bxa5 Rxa5 31. a4 b4 32. cxb4 Nxb4 33. Qd2 Bf8 34. Nc3 Nxc2 35.
Qxc2 Qxd4+ 36. Kh1 Rxb1+ 37. Rxb1 Qxf4 38. h3 Qxe5 39. Rb7 Qe1+ 40. Kh2 Bd6+
41. g3 0-1

[Event "Liga Vasca 2009 - DH"]
[Site "Pais Vasco ESP"]
[Date "2009.02.07"]
[Round "4.41"]
[White "Iruzubieta Villaluenga, Jesus Maria"]
[Black "Benito Imaz, Juan"]
[Result "1-0"]
[WhiteElo "2423"]
[BlackElo "2335"]
[PlyCount "65"]
[EventDate "2009.01.10"]
[EventType "team"]
[EventRounds "9"]
[EventCountry "ESP"]
[Source "lmi"]
[SourceDate "2009.01.10"]
[WhiteTeamCountry "ESP"]
[BlackTeamCountry "ESP"]

1. Nf3 d5 2. c4 c6 3. d4 Nf6 4. Qc2 e6 5. Bg5 Be7 6. e3 b6 7. Nc3 O-O 8. Rd1
Bb7 9. Be2 Nbd7 10. O-O Rc8 11. e4 Nxe4 12. Nxe4 dxe4 13. Bxe7 Qxe7 14. Qxe4
Nf6 15. Qe3 c5 16. dxc5 Qxc5 17. Qxc5 Rxc5 18. Nd4 Ba8 19. b3 Rfc8 20. a4 R5c7
21. Ra1 e5 22. Nf5 g6 23. Ne3 Bb7 24. a5 Ne4 25. Rfc1 Nd2 26. Rc3 Ne4 27. Rc2
b5 28. a6 Ba8 29. Ra5 bxc4 30. Bxc4 Nc5 31. f3 Kg7 32. Bd5 Bxd5 33. Nxd5 1-0

[Event "Liga Vasca 2009 - DH"]
[Site "Pais Vasco ESP"]
[Date "2009.02.07"]
[Round "4.42"]
[White "Agirretxe San Sebastian, Jesus Maria"]
[Black "Ruiz Gomez, Alejandro"]
[Result "0-1"]
[WhiteElo "2180"]
[BlackElo "2363"]
[PlyCount "56"]
[EventDate "2009.01.10"]
[EventType "team"]
[EventRounds "9"]
[EventCountry "ESP"]
[Source "lmi"]
[SourceDate "2009.01.10"]
[WhiteTeamCountry "ESP"]
[BlackTeamCountry "ESP"]

1. d4 Nf6 2. c4 e6 3. Nc3 Bb4 4. Qc2 c5 5. e3 b6 6. Be2 Bb7 7. Bf3 Nc6 8. Nge2
O-O 9. a3 Bxc3+ 10. Qxc3 Rc8 11. dxc5 bxc5 12. O-O Qb6 13. Rd1 d5 14. cxd5 Nxd5
15. Bxd5 exd5 16. Nf4 d4 17. exd4 cxd4 18. Qg3 Qb5 19. b4 Rfd8 20. Bb2 a5 21.
Rab1 axb4 22. axb4 Ra8 23. Nd3 Bc8 24. Bc1 Bf5 25. Bg5 Re8 26. Rbc1 Ra3 27. Qd6
Rxd3 28. Qxc6 Rxd1+ 0-1

[Event "Liga Vasca 2009 - DH"]
[Site "Pais Vasco ESP"]
[Date "2009.02.07"]
[Round "4.43"]
[White "Limeres Guiance, Cristobal"]
[Black "Dominguez Ofretorio, Javier"]
[Result "1-0"]
[WhiteElo "2301"]
[BlackElo "2142"]
[PlyCount "87"]
[EventDate "2009.01.10"]
[EventType "team"]
[EventRounds "9"]
[EventCountry "ESP"]
[Source "lmi"]
[SourceDate "2009.01.10"]
[WhiteTeamCountry "ESP"]
[BlackTeamCountry "ESP"]

1. d4 Nf6 2. c4 g6 3. Nc3 d5 4. cxd5 Nxd5 5. Bd2 Bg7 6. e4 Nxc3 7. Bxc3 c5 8.
d5 Bxc3+ 9. bxc3 Qa5 10. Qd2 b5 11. Nf3 Nd7 12. Bd3 Ba6 13. O-O Qc7 14. a4 c4
15. Bc2 Ne5 16. Nxe5 Qxe5 17. Rfb1 Rb8 18. axb5 Bxb5 19. Rxa7 O-O 20. Qd4 Qf4
21. Rd1 Ra8 22. Raa1 Rfb8 23. g3 Qf3 24. Rxa8 Rxa8 25. e5 Ra2 26. Be4 Qg4 27.
d6 exd6 28. exd6 Re2 29. Bb7 Qd7 30. Bf3 Re8 31. Bg4 f5 32. Bf3 h6 33. Bd5+ Kh7
34. Bxc4 Re4 35. Qxe4 fxe4 36. Bxb5 Qg4 37. Re1 e3 38. fxe3 Qg5 39. d7 Kg7 40.
Bc6 Kf7 41. Rd1 Qd8 42. Bf3 h5 43. c4 h4 44. Kg2 1-0

[Event "Liga Vasca 2009 - DH"]
[Site "Pais Vasco ESP"]
[Date "2009.02.07"]
[Round "4.44"]
[White "Gonzalez Blanco, Aitor"]
[Black "Gete Rodriguez, Isidro"]
[Result "0-1"]
[WhiteElo "2020"]
[BlackElo "1980"]
[PlyCount "102"]
[EventDate "2009.01.10"]
[EventType "team"]
[EventRounds "9"]
[EventCountry "ESP"]
[Source "lmi"]
[SourceDate "2009.01.10"]
[WhiteTeamCountry "ESP"]
[BlackTeamCountry "ESP"]

1. e4 e5 2. Nf3 Nc6 3. Bb5 f5 4. d4 fxe4 5. Nxe5 Nxe5 6. dxe5 c6 7. Be2 Qa5+ 8.
Bd2 Qxe5 9. Bh5+ Kd8 10. Bc3 Qg5 11. g3 Nf6 12. Be2 d5 13. Bd4 Bh3 14. c3 Bd6
15. Nd2 Rf8 16. Qa4 Ng4 17. Qa5+ Bc7 18. Qb4 Qf5 19. Bxg7 Rf7 20. Bd4 Bb6 21.
Qd6+ Rd7 22. Bxg4 Bxg4 23. Qf6+ Qxf6 24. Bxf6+ Ke8 25. h3 Bh5 26. g4 Bg6 27.
Nb3 c5 28. O-O-O Kf7 29. g5 Rc8 30. Nd2 a6 31. b3 Bc7 32. Kb2 b5 33. Rhe1 Bh5
34. Rc1 Bf4 35. Rc2 Bg6 36. Nf1 e3 37. fxe3 Bxc2 38. exf4 Bf5 39. h4 Re8 40.
Be5 d4 41. cxd4 cxd4 42. Rc1 d3 43. Nd2 Kg6 44. Rc6+ Re6 45. Rc3 Re8 46. Kc1
Kh5 47. Nf3 Kg4 48. Nd4 Rxe5 49. fxe5 Rxd4 50. Kd2 Kxh4 51. Rc5 Kxg5 0-1

[Event "Liga Vasca 2009 - DH"]
[Site "Pais Vasco ESP"]
[Date "2009.02.14"]
[Round "5.11"]
[White "Fernandez Hernandez, Gerardo"]
[Black "Alonso Arburu, Juan Ignacio"]
[Result "1-0"]
[WhiteElo "2154"]
[BlackElo "2353"]
[PlyCount "137"]
[EventDate "2009.01.10"]
[EventType "team"]
[EventRounds "9"]
[EventCountry "ESP"]
[Source "lmi"]
[SourceDate "2009.01.10"]
[WhiteTeam "Zuri Baltza"]
[BlackTeam "Batalla"]

1. e4 d6 2. d4 Nf6 3. Nc3 Nbd7 4. g4 h6 5. Bg2 e5 6. Be3 c6 7. h3 b5 8. Nce2 d5
9. Ng3 dxe4 10. dxe5 Nd5 11. e6 fxe6 12. Bxe4 Nxe3 13. Bg6+ Ke7 14. fxe3 Ne5
15. Be4 Bb7 16. Nf3 Qxd1+ 17. Rxd1 Nc4 18. Nh4 Ne5 19. Rf1 Rd8 20. Ng6+ Nxg6
21. Bxg6 Rxd1+ 22. Kxd1 Kd8 23. Rf7 Kc8 24. Nh5 Kb8 25. Nxg7 Bc8 26. Be4 c5 27.
Bc6 Bd6 28. Ne8 Be5 29. b3 b4 30. Ke2 Rg8 31. Nf6 Rd8 32. Ne4 Ba6+ 33. Kf3 Rd1
34. Nxc5 Bc8 35. Ke2 Rc1 36. Kd2 Ra1 37. Bd7 Bc3+ 38. Kd3 Rd1+ 39. Ke4 Rd5 40.
Bxc8 Rxc5 41. Ba6 Ra5 42. Bc4 Rxa2 43. Rh7 a5 44. Rxh6 a4 45. bxa4 Rxc2 46.
Rxe6 Be1 47. Kd4 Kc7 48. a5 Bc3+ 49. Kc5 Bd2 50. Kb5 Rc3 51. Rc6+ Kb8 52. Be6
Rxe3 53. Ka6 Rc3 54. Rxc3 bxc3 55. Bf5 Bg5 56. Kb6 Bd8+ 57. Kb5 Ka7 58. Kb4 Kb7
59. Bd3 Ka7 60. Kc5 c2 61. Bxc2 Ka6 62. Kd5 Kxa5 63. Ke6 Kb6 64. Kf5 Kc5 65. g5
Kd6 66. g6 Ke7 67. Kg5 Kf8+ 68. Kh6 Bf6 69. Kh7 1-0

[Event "Liga Vasca 2009 - DH"]
[Site "Pais Vasco ESP"]
[Date "2009.02.14"]
[Round "5.12"]
[White "Cruz-Lopez Claret, Carlos"]
[Black "Hernandez Garca, Maximo"]
[Result "1-0"]
[WhiteElo "2342"]
[BlackElo "2034"]
[PlyCount "91"]
[EventDate "2009.01.10"]
[EventType "team"]
[EventRounds "9"]
[EventCountry "ESP"]
[Source "lmi"]
[SourceDate "2009.01.10"]
[WhiteTeam "Batalla"]
[BlackTeam "Zuri Baltza"]

1. d4 Nf6 2. c4 g6 3. Nc3 Bg7 4. e4 d6 5. f4 O-O 6. Nf3 c5 7. d5 e6 8. Be2 exd5
9. cxd5 Re8 10. e5 dxe5 11. fxe5 Ng4 12. Bg5 Qa5 13. O-O Nxe5 14. d6 Be6 15.
Nd5 Nbd7 16. Nc7 h6 17. Bd2 Qb6 18. Bc3 Rad8 19. Nxe8 Rxe8 20. Qd2 c4+ 21. Kh1
Kh7 22. Rad1 Bf5 23. Nxe5 Bxe5 24. Bxc4 f6 25. Qd5 Be6 26. Qb5 Qxb5 27. Bxb5
Rd8 28. Bxe5 fxe5 29. Bxd7 Rxd7 30. Rfe1 Bg4 31. Rd2 Rf7 32. h3 Bd7 33. Rxe5
Kg8 34. Re7 Kf8 35. Rxf7+ Kxf7 36. Re2 Bc6 37. Kg1 Kf6 38. Kf2 h5 39. h4 a6 40.
g3 Bd7 41. Re7 Bc6 42. Ke3 a5 43. Kd4 Bf3 44. Kc5 Bc6 45. Kb6 a4 46. Rxb7 1-0

[Event "Liga Vasca 2009 - DH"]
[Site "Pais Vasco ESP"]
[Date "2009.02.14"]
[Round "5.13"]
[White "Martinez Pelaez, David"]
[Black "Serras Uria, Antonio"]
[Result "1/2-1/2"]
[WhiteElo "1971"]
[BlackElo "2187"]
[PlyCount "60"]
[EventDate "2009.01.10"]
[EventType "team"]
[EventRounds "9"]
[EventCountry "ESP"]
[Source "lmi"]
[SourceDate "2009.01.10"]
[WhiteTeam "Zuri Baltza"]
[BlackTeam "Batalla"]

1. d4 Nf6 2. Nc3 d5 3. Bg5 Bf5 4. f3 Nbd7 5. Nxd5 Nxd5 6. e4 h6 7. Bh4 g5 8.
Bf2 e6 9. exd5 exd5 10. Bd3 Qe7+ 11. Ne2 Be6 12. c3 O-O-O 13. Qa4 Kb8 14. O-O-O
Nb6 15. Qc2 Qd7 16. Kb1 Bd6 17. Bg3 Nc4 18. Bxc4 dxc4 19. Qd2 Bf5+ 20. Ka1 Qa4
21. Nc1 Rhe8 22. Rhe1 Rxe1 23. Rxe1 Bxg3 24. hxg3 Re8 25. Rxe8+ Qxe8 26. b3
cxb3 27. axb3 a5 28. Kb2 a4 29. g4 Bg6 30. Qe2 Qxe2+ 1/2-1/2